000234135 001__ 234135
000234135 005__ 20200923173106.0
000234135 0247_ $$2I:(DE-Juel1)JSC-20090406$$aG:(DE-Juel1)jics80_20191101
000234135 035__ $$aG:(DE-Juel1)jics80_20191101
000234135 150__ $$a1/f DNA Hydrogen-Bond Energy Noise (DNA noise)$$y2019-11-01 - 2020-10-31
000234135 371__ $$aVitusevich, Svetlana$$bJuelich$$cInstitute of Complex Systems - Bioelektronik$$dGermany$$e52428
000234135 372__ $$a1/f DNA Hydrogen-Bond Energy Noise (DNA noise)$$s2019-11-01$$t2020-10-31
000234135 5101_ $$aVSR/JARA$$wt
000234135 680__ $$aJSC computation time grant
000234135 681__ $$a201 - Basic Biological and Medical Research
000234135 909CO $$ooai:juser.fz-juelich.de:884567$$pauthority$$pauthority:GRANT
000234135 909CO $$ooai:juser.fz-juelich.de:884567
000234135 980__ $$aG
000234135 980__ $$aAUTHORITY